|
|
|
|
| LEADER |
00000nam0a2200000 4500 |
| 001 |
326122 |
| 005 |
20231102003829.0 |
| 020 |
|
|
|a RU
|b 81-22145ж
|
| 035 |
|
|
|a (RuTPU)RU\TPU\book\351757
|
| 090 |
|
|
|a 326122
|
| 100 |
|
|
|a 20161219d1981 k y0rusy5003 ca
|
| 101 |
0 |
|
|a rus
|
| 102 |
|
|
|a RU
|
| 105 |
|
|
|a a z 001zy
|
| 200 |
1 |
|
|a Литология и палеогеография
|e сборник статей
|h Вып. 3
|f Ленинградский государственный университет (ЛГУ) ; отв. ред. Н. В. Логвиненко
|
| 210 |
|
|
|a Ленинград
|c Изд-во ЛГУ
|d 1981
|
| 215 |
|
|
|d 20 см.
|a 156 с.
|c ил.
|
| 305 |
|
|
|a Изд. выходит с 1973 г.
|
| 320 |
|
|
|a Библиография в конце статей
|
| 606 |
1 |
|
|a Литология
|2 stltpush
|3 (RuTPU)RU\TPU\subj\40434
|9 60283
|
| 606 |
1 |
|
|a Палеогеография
|2 stltpush
|3 (RuTPU)RU\TPU\subj\47964
|9 66847
|
| 610 |
1 |
|
|a петрография
|
| 610 |
1 |
|
|a осадочные породы
|
| 610 |
1 |
|
|a докембрийские формации
|
| 610 |
1 |
|
|a литологические исследования
|
| 610 |
1 |
|
|a системный подход
|
| 610 |
1 |
|
|a Карелия
|
| 610 |
1 |
|
|a протерозой
|
| 610 |
1 |
|
|a осадочные отложения
|
| 610 |
1 |
|
|a глинистые материалы
|
| 610 |
1 |
|
|a Фергана
|
| 610 |
1 |
|
|a палеозой
|
| 610 |
1 |
|
|a палеогеографические реконструкции
|
| 610 |
1 |
|
|a палеотектонические реконструкции
|
| 610 |
1 |
|
|a Архангельская область
|
| 610 |
1 |
|
|a каменноугольные отложения
|
| 610 |
1 |
|
|a Зайсанская впадина
|
| 610 |
1 |
|
|a кора выветривания
|
| 610 |
1 |
|
|a палеоклиматология
|
| 610 |
1 |
|
|a палеогеновые отложения
|
| 610 |
1 |
|
|a неогеновые отложения
|
| 610 |
1 |
|
|a вещественный состав
|
| 610 |
1 |
|
|a спектральный анализ
|
| 610 |
1 |
|
|a Балтийское море
|
| 610 |
1 |
|
|a береговые волны
|
| 610 |
1 |
|
|a рельеф
|
| 610 |
1 |
|
|a осадки
|
| 610 |
1 |
|
|a ледниковые отложения
|
| 610 |
1 |
|
|a тяжелые фракции
|
| 610 |
1 |
|
|a микрофитофоссилии
|
| 610 |
1 |
|
|a Беломорье
|
| 675 |
|
|
|a 552.5
|z rus
|v 4
|
| 675 |
|
|
|a 551.8
|z rus
|v 4
|
| 702 |
|
1 |
|a Логвиненко
|b Н. В.
|4 340
|
| 712 |
0 |
2 |
|a Ленинградский государственный университет (ЛГУ)
|c (1924-1991)
|2 stltpush
|3 (RuTPU)RU\TPU\col\77
|
| 801 |
|
0 |
|a RU
|b RuMRKP
|c 19950704
|g psbo
|
| 801 |
|
1 |
|a RU
|b 63413507
|c 20161219
|
| 801 |
|
2 |
|a RU
|b 63413507
|c 20171214
|g RCR
|
| 942 |
|
|
|c BK
|